000
00231nam a22000857a 4500
008
161124b xxu||||| |||| 00| 0 eng d
100
_9
1400
_a
young Learners
245
_a
A Lice in wonder Land
260
_a
New delhi
_b
young Learners
_c
2011
999
_c
4117
_d
4117